Statystyki dla Wszystkie państwa świata według powierzchni z podpowiedziami

Kliknij tutaj aby rozwiązać quiz!

Ogólne statystyki

  • Ten quiz został rozwiązany 8 994 razy
  • Średni wynik to 44 z 196

Odpowiedzi na mapie

Odpowiedzi skodowane kolorowo w zielono-czerwonej skali na mapie do tego quizu, zgodnie z poniższymi procentami.
 

Statystyki odpowiedzi

PowierzchniaPaństwoNastępne% Poprawnych
17.09 mRosjaK
100%
9.98 mKanadaC
97%
9.64 mChinyS
95%
9.52 mStany ZjednoczoneB
93%
8.51 mBrazyliaA
91%
7.69 mAustraliaI
89%
3.16 mIndieA
87%
2.78 mArgentynaK
83%
2.72 mKazachstanA
81%
2.38 mAlgieriaD
74%
2.34 mDemokratyczna Republika KongaA
68%
2.14 mArabia SaudyjskaM
65%
1.96 mMeksykI
65%
1.90 mIndonezjaS
63%
1.88 mSudanL
60%
1.64 mIranM
59%
1.75 mLibiaI
59%
1.56 mMongoliaP
59%
1.28 mPeruC
58%
1.28 mCzadN
55%
1.26 mNigerA
55%
1.24 mAngolaM
53%
1.24 mMaliR
52%
1.22 mRepublika Południowej AfrykiK
51%
1.14 mKolumbiaE
50%
1.09 mBoliwiaM
49%
1.10 mEtiopiaB
49%
1.00 mEgiptT
48%
1.03 mMauretaniaE
48%
945 kTanzaniaN
47%
923 kNigeriaW
46%
881 kPakistanN
46%
916 kWenezuelaP
46%
825 kNamibiaM
45%
756 kChileZ
44%
801 kMozambikT
44%
783 kTurcjaC
44%
752 kZambiaM
43%
652 kAfganistanF
40%
640 kFrancjaS
40%
676 kMjanmaA
40%
637 kSomaliaR
39%
622 kRepublika ŚrodkowoafrykańskaS
38%
603 kUkrainaM
38%
587 kMadagaskarB
36%
619 kSudan PołudniowyU
36%
582 kBotswanaK
35%
505 kHiszpaniaT
34%
527 kJemenT
34%
580 kKeniaJ
34%
513 kTajlandiaH
33%
488 kTurkmenistanK
33%
475 kKamerunP
31%
312 kPolskaO
31%
462 kPapua-Nowa GwineaS
30%
450 kSzwecjaU
30%
447 kUzbekistanM
30%
438 kIrakP
29%
446 kMarokoI
29%
357 kNiemcyF
29%
309 kOmanW
29%
377 kJaponiaN
28%
406 kParagwajZ
28%
390 kZimbabweJ
28%
342 kFilipinyK
27%
301 kWłochyE
26%
338 kFinlandiaW
25%
342 kKongoF
24%
331 kWietnamM
24%
276 kEkwadorB
23%
330 kMalezjaN
23%
323 kNorwegiaW
23%
0.44Watykan-
23%
322 kWybrzeże Kości SłoniowejP
22%
272 kBurkina FasoN
21%
270 kNowa ZelandiaG
20%
267 kGabonG
19%
245 kGwineaW
18%
241 kUgandaG
18%
242 kWielka BrytaniaU
18%
238 kGhanaR
17%
238 kRumuniaL
17%
236 kLaosG
16%
2.02MonakoW
16%
207 kBiałoruśK
15%
214 kGujanaB
15%
199 kKirgistanS
14%
196 kSenegalS
14%
185 kSyriaK
14%
181 kKambodżaU
13%
181 kUrugwajS
13%
147 kBangladeszN
12%
147 kNepalT
12%
163 kSurinamT
12%
163 kTunezjaB
12%
131 kGrecjaN
11%
120 kKorea PółnocnaM
11%
130 kNikaraguaK
11%
143 kTadżykistanG
11%
117 kErytreaB
10%
118 kMalawiE
10%
61San MarinoT
10%
112 kBeninH
9%
110 kBułgariaK
9%
112 kHondurasL
9%
103 kIslandiaK
9%
109 kKubaG
9%
111 kLiberiaB
9%
21NauruM
9%
108 kGwatemalaI
8%
89 kJordaniaS
8%
100 kKorea PołudniowaW
8%
92 kPortugaliaJ
8%
88 kSerbiaA
8%
26TuvaluN
8%
93 kWęgryP
8%
83 kAustriaZ
7%
86 kAzerbejdżanA
7%
56 kChorwacjaB
7%
78 kCzechyP
7%
69 kGruzjaS
7%
70 kIrlandiaG
7%
160LiechtensteinS
7%
65 kLitwaŁ
7%
64 kŁotwaT
7%
75 kPanamaS
7%
71 kSierra LeoneI
7%
65 kSri LankaL
7%
56 kTogoC
7%
83 kZjednoczone Emiraty ArabskieC
7%
468AndoraP
6%
29 kArmeniaW
6%
30 kBelgiaL
6%
38 kBhutanT
6%
51 kBośnia i HercegowinaK
6%
43 kDaniaH
6%
48 kDominikanaE
6%
45 kEstoniaD
6%
36 kGwinea BissauM
6%
41 kHolandiaS
6%
51 kKostarykaS
6%
30 kLesothoA
6%
33 kMołdawiaB
6%
49 kSłowacjaD
6%
41 kSzwajcariaB
6%
36 kTajwanG
6%
28 kAlbaniaG
5%
442Antigua i BarbudaB
5%
13 kBahamyC
5%
430BarbadosS
5%
22 kBelizeS
5%
27 kBurundiH
5%
9251CyprB
5%
13 kCzarnogóraV
5%
23 kDżibutiB
5%
17 kEswatiniT
5%
18 kFidżiK
5%
11 kGambiaJ
5%
344GrenadaM
5%
28 kGwinea RównikowaB
5%
27 kHaitiR
5%
20 kIzraelS
5%
10 kJamajkaK
5%
11 kKatarG
5%
10 kKosowoL
5%
17 kKuwejtE
5%
10 kLibanC
5%
2586LuksemburgM
5%
25 kMacedonia PółnocnaD
5%
316MaltaM
5%
459PalauS
5%
26 kRwandaM
5%
261Saint Kitts i NevisW
5%
616Saint LuciaA
5%
389Saint Vincent i GrenadynyG
5%
21 kSalwadorI
5%
452SeszeleA
5%
20 kSłoweniaF
5%
14 kTimor WschodniB
5%
12 kVanuatuK
5%
181Wyspy MarshallaL
5%
28 kWyspy SalomonaA
5%
765BahrajnD
4%
5765BruneiT
4%
751DominikaT
4%
811KiribatiB
4%
1862KomoryW
4%
300MalediwyS
4%
2040MauritiusK
4%
702MikronezjaS
4%
4033Republika Zielonego PrzylądkaS
4%
2842SamoaL
4%
710SingapurM
4%
747TongaS
4%
5130Trynidad i TobagoR
4%
964Wyspy Świętego Tomasza i KsiążecaK
4%

Rozkład punktacji

Percentyl według liczby udzielonych odpowiedzi

Procent ludzi z każdym wynikiem

Twoja historia wyników

Nie rozwiązałeś tego quizu